| 000 | 00508pab a2200169 454500 | ||
|---|---|---|---|
| 008 | 180718b2001 xxu||||| |||| 00| 0 eng d | ||
| 100 | _aGulrez, Mohammad | ||
| 245 | _aGood governance and decentralization as a basis of state formation: reflections of Rwanda | ||
| 260 | _c2001 | ||
| 300 | _ap.79-95 | ||
| 650 | _aDecentralization - Rwanda | ||
| 650 | _aPublic administration - Rwanda | ||
| 650 | _aPublic administration | ||
| 773 | _aIndian Journal of Federal Studies | ||
| 908 | _aN | ||
| 909 | _a50324 | ||
| 999 |
_c50324 _d50324 |
||